Jak nás změna jména málem vyhnala z trhu práce

Budovanie značky po premenovaní leteckej spoločnosti v Prahe. Ako si poradiť a obnoviť značku zamestnávateľa, keď sa odrazu staneme neznámymi.

Guardado en:
Detalles Bibliográficos
Autor principal: Bursová, Iva
Formato: Capítulo de libro
Lenguaje:checo
Materias:
Etiquetas: Agregar Etiqueta
Sin Etiquetas, Sea el primero en etiquetar este registro!

MARC

LEADER 00000naa a2200000 4500
001 0200106
005 20231113135001.5
041 0 |a cze 
044 |a CZ 
245 1 0 |a Jak nás změna jména málem vyhnala z trhu práce  |c Iva Bursová 
520 |a Budovanie značky po premenovaní leteckej spoločnosti v Prahe. Ako si poradiť a obnoviť značku zamestnávateľa, keď sa odrazu staneme neznámymi. 
610 2 0 |a značky 
610 2 0 |a značky výrobné 
610 2 0 |a budovanie značky 
100 1 |a Bursová, Iva